00436nam a2200133 a 450000100100000000500170001000800410002704000250006810000450009324500760013826000400021430000210025450000270027500003250120240304185510.0110718s19uu dr 000 0 spa d aDO-SdBNPbspacBNPHU1 a Silié Gatón, José A., d1920-201410aManual del registro electoral /cJosé A. Silie Gastón ; J. A. S. G. a[Santo Domingo] :b[s.n.],c[19--]. a162 p. ;c23 cm. aBibliografía : P.159